000 00318nam a2200133Ia 4500
005 20251222141844.0
008 251222s9999||||xx |||||||||||||| ||spa||
020 _a978-612-46000-8-1
082 _a498.323/N82
100 _aNoriega Bernuy, Julio E.
245 0 _aCaminan los Apus:
264 _bPakarina
942 _cLIB
999 _c7532
_d7532